[Event "80th ch-BRA S/F 1 2013"]
[Site "Rio de Janeiro BRA"]
[Date "2013.10.31"]
[Round "1.5"]
[White "Ferreira,K"]
[Black "Toth,Chr"]
[Result "0-1"]
[WhiteElo "2109"]
[BlackElo "2355"]

1.e4 c5 2.Nc3 Nc6 3.Bb5 d6 4.Bxc6+ bxc6 5.d3 g6 6.f4 Bg7 7.Nf3 Nf6 8.O-O O-O
9.Qe1 Nd7 10.f5 e6 11.Bg5 f6 12.Bf4 e5 13.Bd2 gxf5 14.exf5 d5 15.b3 Re8 16.Qg3 Nf8
17.Nh4 Re7 18.Rad1 Qe8 19.Na4 Nd7 20.c4 Qh5 21.Rde1 Kh8 22.Qf2 d4 23.Re4 Qe8
24.Bc1 Bf8 25.Rg4 Rg7 26.Rxg7 Bxg7 27.Re1 Qh5 28.Bd2 Bb7 29.h3 Bf8 30.Re4 Qf7
31.Qg3 Bd6 32.Bh6 Rg8 33.Rg4 Rxg4 34.hxg4 Qe7 35.Qf3 e4 36.Qxe4 Qxe4 37.dxe4 Ne5  0-1

[Event "TCh-NOR Eliteserien 2013-14"]
[Site "Oslo NOR"]
[Date "2013.11.01"]
[Round "1.1"]
[White "Gabrielsen,S"]
[Black "Sagafos,M"]
[Result "1-0"]
[WhiteElo "2321"]
[BlackElo "2408"]

1.e4 c5 2.Nc3 Nc6 3.Bb5 g6 4.Bxc6 dxc6 5.d3 Bg7 6.Nge2 e5 7.O-O Ne7 8.Be3 Qd6
9.a3 O-O 10.b4 cxb4 11.axb4 Be6 12.Na4 b6 13.Qb1 Rad8 14.Nc5 Ra8 15.Nxe6 Qxe6
16.Ra6 f5 17.f3 Nc8 18.Nc3 Rb8 19.b5 Rb7 20.bxc6 Qxc6 21.Qb3+ Rff7 22.Nb5 Bf8
23.c3 fxe4 24.fxe4 Bc5 25.d4 Qxe4 26.Bf2 exd4 27.cxd4 Bf8 28.Raa1 Nd6 29.Nxa7 b5
30.Rae1 Qf5 31.Nc6 Nc4 32.Qa2 Bd6 33.Re8+ Kg7 34.Nd8 Ra7 35.Qe2 Rae7 36.Ne6+  1-0

[Event "TCh-NOR Eliteserien 2013-14"]
[Site "Oslo NOR"]
[Date "2013.11.02"]
[Round "2.5"]
[White "Trygstad,K"]
[Black "Christiansen,Johan-Sebastian"]
[Result "1/2-1/2"]
[WhiteElo "2222"]
[BlackElo "2218"]

1.e4 c5 2.Nc3 Nc6 3.Bb5 Nd4 4.Bc4 e6 5.Nge2 Nf6 6.O-O a6 7.d3 b5 8.Bb3 Nxb3
9.axb3 Bb7 10.f4 d5 11.e5 d4 12.exf6 dxc3 13.f5 Qxf6 14.fxe6 cxb2 15.exf7+ Kd8
16.Bxb2 Qxb2 17.c3 Kc7 18.Rb1 Qa2 19.Ra1 Qb2 20.Rb1 Qa2 21.Ra1 Qb2  1/2-1/2

[Event "TCh-NOR Eliteserien 2013-14"]
[Site "Oslo NOR"]
[Date "2013.11.02"]
[Round "2.1"]
[White "Hansen,TR"]
[Black "Stokke,K"]
[Result "1-0"]
[WhiteElo "2477"]
[BlackElo "2379"]

1.e4 c5 2.Nf3 Nc6 3.Nc3 g6 4.Bb5 Bg7 5.O-O e5 6.a3 Nge7 7.d3 O-O 8.Bc4 h6
9.Nd5 Kh7 10.b4 cxb4 11.Nxe7 Nxe7 12.axb4 d5 13.Bb3 f5 14.exd5 e4 15.dxe4 Bxa1
16.e5 Bc3 17.Qd3 Bxb4 18.Ng5+ Kg7 19.e6 Nxd5 20.Bxd5 Be7 21.Nf7 Rxf7 22.exf7 Bf6
23.Qe3 Qxd5 24.Qe8 Qxf7 25.Bxh6+ Kxh6 26.Qxf7 Bg7 27.Re1 a5 28.Re7 Bb2 29.Qh7+ Kg5
30.f4+ Kg4 31.Qh3+ Kxf4 32.Qh4+  1-0

[Event "3rd Panama Open"]
[Site "Panama City PAN"]
[Date "2013.11.02"]
[Round "3.37"]
[White "Fleites Marti,Y"]
[Black "Nunez Gonzalez,Neeshmy"]
[Result "1-0"]
[WhiteElo "2181"]
[BlackElo "1786"]

1.e4 c5 2.Nf3 Nc6 3.Nc3 g6 4.Bb5 Bg7 5.O-O a6 6.Bxc6 bxc6 7.Re1 d5 8.d3 Bg4
9.h3 Bxf3 10.Qxf3 d4 11.Nd1 e5 12.b3 Ne7 13.Qg3 O-O 14.f4 Qc7 15.Nb2 Rfe8
16.Nc4 Nc8 17.Rf1 Nb6 18.Nxe5 Bxe5 19.fxe5 Qxe5 20.Bf4 Qe6 21.Rf2 Nc8 22.Rc1 Ra7
23.Bg5 Rb7 24.Qh4 Nd6 25.Bf6 Rf8 26.Rf4 Ne8 27.Qxh7+  1-0

[Event "3rd Panama Open"]
[Site "Panama City PAN"]
[Date "2013.11.02"]
[Round "3.4"]
[White "Gomez Garrido,C"]
[Black "Vera Gonzalez Quevedo,R"]
[Result "1/2-1/2"]
[WhiteElo "2504"]
[BlackElo "2446"]

1.e4 c5 2.Nf3 Nc6 3.Nc3 d6 4.d4 cxd4 5.Nxd4 Nf6 6.Bc4 e6 7.Be3 Be7 8.Qe2 O-O
9.O-O a6 10.Rad1 Nxd4 11.Bxd4 b5 12.Bb3 Bb7 13.a3 Qb8 14.f3 Bc6 15.Qf2 a5
16.Rfe1 b4 17.axb4 axb4 18.Nd5  1/2-1/2

[Event "80th ch-BRA S/F 1 2013"]
[Site "Rio de Janeiro BRA"]
[Date "2013.11.02"]
[Round "5.19"]
[White "Ferreira,K"]
[Black "Reis,Virginia Lagrange M."]
[Result "1-0"]
[WhiteElo "2109"]
[BlackElo "1861"]

1.e4 c5 2.Nc3 Nc6 3.Bb5 g6 4.Bxc6 bxc6 5.d3 Bg7 6.f4 d6 7.Nf3 Rb8 8.O-O e6
9.Qe1 Ne7 10.b3 O-O 11.Bb2 Ba6 12.Na4 f6 13.c4 Nc8 14.Bc3 Nb6 15.Nb2 e5 16.Qg3 Bc8
17.Rf2 Rb7 18.Raf1 Rbf7 19.Bd2 Na8 20.Nd1 Nc7 21.fxe5 dxe5 22.Nb2 Ne6 23.Ne1 Nd4
24.Na4 Qe7 25.Bc1 Rd8 26.Qh4 Ne6 27.Ba3 g5 28.Qg3 Bf8 29.Qe3 Kg7 30.Kh1 h6
31.Nf3 Qd6 32.Rd2 Be7 33.Ng1 Qd4 34.Qf3 Nf4 35.Bb2 Qd6 36.h3 Ne6 37.Qf2 Rd7
38.Nf3 Qc7 39.Nxe5  1-0

[Event "Chinese Zonal w 2013"]
[Site "Zhongshan CHN"]
[Date "2013.11.02"]
[Round "5.2"]
[White "Wang Jue"]
[Black "Hong,Xing"]
[Result "1-0"]
[WhiteElo "2382"]
[BlackElo "1929"]

1.e4 c5 2.Nf3 Nc6 3.Nc3 g6 4.d4 cxd4 5.Nxd4 Bg7 6.Be3 Nf6 7.Bc4 O-O 8.Bb3 d6
9.f3 Bd7 10.Qd2 Nxd4 11.Bxd4 b5 12.a4 bxa4 13.Bxa4 Be6 14.O-O a5 15.Rfd1 Nd7
16.Bxd7 Qxd7 17.Bxg7 Kxg7 18.Qd4+ f6 19.Nd5 Qa7 20.Ne3 Rfb8 21.b3 Rb4 22.Qxa7 Rxa7
23.Ra3 f5 24.Nd5 Bxd5 25.exd5 Kf6 26.Kf2 Ke5 27.c3 Rb8 28.c4 Rb4 29.Ke3 Rab7
30.f4+ Kf6 31.Rd3 h6 32.Kd4 g5 33.g3 Ra7 34.Kc3 Rab7 35.Rd2 R4b6 36.Rb2 Ra7
37.Re2 Kg6 38.Rea2 Rab7 39.Rb2 Ra7 40.Ra4 Kh5 41.Rba2 Rab7 42.R2a3 gxf4 43.gxf4 Kg4
44.Rxa5 Kxf4 45.R5a4 Ke5 46.b4 Rc7 47.Kd3 f4 48.b5 Rb8 49.Ra7 Rcb7 50.Rxb7 Rxb7
51.Ra1 Kf5 52.Kd4 h5 53.h3 h4 54.Rb1 Rb8 55.b6 f3 56.Ke3 Ke5 57.b7 f2 58.Kxf2 Kd4
59.Kf3 Kxc4 60.Ke4 Kc5 61.Rb2 Kc4 62.Rc2+ Kb5 63.Rc7 Kb6 64.Rxe7 Rg8 65.Kf5 Ka7
66.Re4 Kxb7 67.Rxh4 Kb6 68.Rc4 Rh8 69.Rc6+ Kb7 70.Kg4 Rg8+ 71.Kf3 Rh8 72.Kg2 Rh6
73.Kg3 Rg6+ 74.Kf4  1-0

[Event "Chinese Zonal w 2013"]
[Site "Zhongshan CHN"]
[Date "2013.11.02"]
[Round "5.14"]
[White "Yao,Lan"]
[Black "Zhao,Shengxin"]
[Result "1-0"]
[WhiteElo "1966"]
[BlackElo "1805"]

1.e4 c5 2.Nf3 Nc6 3.Nc3 Nf6 4.d4 cxd4 5.Nxd4 e5 6.Ndb5 d6 7.Nd5 Nxd5 8.exd5 Ne7
9.c3 Nf5 10.a4 a6 11.Na3 g6 12.Be2 Bg7 13.O-O O-O 14.Nc4 Rb8 15.a5 Qc7 16.Nb6 Ne7
17.Be3 f5 18.f4 Bd7 19.Qd2 Rbe8 20.Bd1 Rb8 21.Bb3 Be8 22.fxe5 Bxe5 23.Nc4 Bg7
24.Bb6 Qc8 25.Nxd6 Qd7 26.Nxe8 Rfxe8 27.Ba4 Qxd5 28.Qxd5+ Nxd5 29.Bxe8 Rxe8
30.Rfe1 Rc8 31.Rad1 Nf6 32.Re7 Rb8 33.Rd8+ Rxd8 34.Bxd8 Bf8 35.Rxb7 Bc5+
36.Kf1 Ne4 37.Bb6 Bd6 38.g3 Nd2+ 39.Ke2 Nc4 40.b3 Ne5 41.Bc7  1-0

[Event "e2e4 Gatwick Nov Open"]
[Site "Crawley ENG"]
[Date "2013.11.03"]
[Round "5"]
[White "Giles,Yasmin"]
[Black "Zhang,Anthony Y"]
[Result "1/2-1/2"]
[WhiteElo "1892"]
[BlackElo "1872"]

1.e4 c5 2.Nc3 Nc6 3.Bb5 Nd4 4.Nf3 Nxb5 5.Nxb5 a6 6.Nc3 d6 7.d4 cxd4 8.Qxd4 e5
9.Qd3 Be7 10.Nd5 Be6 11.Be3 Bxd5 12.Qxd5 Qc7 13.Ng5 Bxg5 14.Bxg5 Ne7 15.Qd3 h6
16.Bxe7 Kxe7 17.O-O Rhd8 18.Rad1 Rac8 19.c3 Qc4 20.Qd5 Qxd5 21.Rxd5 Rc5 22.Rd3 Rc4
23.f3 Rdc8 24.Rfd1 R4c6 25.Rd5 g6 26.Kf2 b5 27.Ke3 Rb6 28.R1d2 Rcc6 29.Kd3 Ke6
30.Ke3 f5 31.g4 fxg4 32.fxg4 b4 33.cxb4 Rxb4 34.h4 Rbb6 35.g5 hxg5 36.hxg5 Rc1
37.Kf2 Rh1 38.R5d3 Rh5 39.Rg3 Rh4 40.Rf3 Rh2+ 41.Ke3 Rxd2 42.Rf6+ Ke7 43.Kxd2 Rxb2+
44.Kc3 Rxa2 45.Rxg6 a5 46.Rg7+ Ke6 47.Rg6+ Ke7 48.Rg7+ Ke8 49.Rg6 Ra3+ 50.Kc4 Ra4+
51.Kd5 Rd4+ 52.Ke6 Kf8 53.Kf5 a4 54.Rf6+ Kg7 55.Rg6+ Kf7 56.Rf6+ Kg7  1/2-1/2

[Event "3rd Panama Open"]
[Site "Panama City PAN"]
[Date "2013.11.03"]
[Round "5.32"]
[White "Fleites Marti,Y"]
[Black "Ramirez Arroyo,Joan Emmanuel"]
[Result "1-0"]
[WhiteElo "2181"]
[BlackElo "2020"]

1.e4 c5 2.Nc3 Nc6 3.Bb5 e6 4.Bxc6 bxc6 5.d3 d5 6.f4 Nf6 7.e5 Nd7 8.Nf3 Be7
9.O-O Qc7 10.Qe2 Ba6 11.b3 O-O 12.Na4 Nb6 13.Nxb6 axb6 14.c4 b5 15.Bb2 Ra7
16.g4 Qd7 17.Nd2 f5 18.a4 b4 19.Rad1 Qc7 20.g5 d4 21.Rf3 Bd8 22.Rh3 Qf7 23.Nf3 g6
24.Rg3 Ba5 25.h4 Kg7 26.Kg2 Rh8 27.Rh1 Raa8 28.Rgh3 Bc8 29.h5 Bd7 30.Kf1 Rag8
31.Qh2 Qe8 32.Qg1 Qe7 33.R1h2 Be8 34.hxg6 hxg6 35.Qh1 Rxh3 36.Rxh3 Kf8 37.Rh7 Bf7
38.Qh6+ Ke8 39.Ke2 Qf8 40.Qh1 Ke7 41.Bxd4 cxd4 42.Nxd4  1-0

[Event "Arab Clubs 2013"]
[Site "Monastir TUN"]
[Date "2013.11.04"]
[Round "1.2"]
[White "Barbaria,Yacine"]
[Black "Amdouni,Z"]
[Result "1-0"]
[WhiteElo "2009"]
[BlackElo "2247"]

1.e4 c5 2.Nc3 Nc6 3.Bb5 Nd4 4.Bc4 e6 5.Nge2 a6 6.d3 b5 7.Bb3 Nxe2 8.Qxe2 Ne7
9.O-O Nc6 10.Be3 Nd4 11.Qd2 Be7 12.Bxd4 cxd4 13.Ne2 Qb6 14.f4 h6 15.Ng3 Bb7
16.Kh1 O-O 17.f5 e5 18.Nh5 Bg5 19.Qf2 Kh7 20.h4 g6 21.hxg5 gxh5 22.f6 hxg5
23.Qg3 Rg8 24.Bxf7 Rgf8 25.Bd5 Bxd5 26.Qxg5 Rf7 27.exd5 Kh8 28.Kg1 Qd6 29.Rae1 Raf8
30.Qxh5+ Rh7 31.Qxe5 Qxe5 32.Rxe5 Rhf7 33.Re7 Kh7 34.Rxf7+ Rxf7 35.Rf3 Kg6
36.Kf2 Rxf6 37.Rxf6+ Kxf6 38.g4 Ke5 39.Kf3  1-0

[Event "3rd Panama Open"]
[Site "Panama City PAN"]
[Date "2013.11.04"]
[Round "8.11"]
[White "Ruiz Sanchez,O"]
[Black "Ynojosa,F"]
[Result "1/2-1/2"]
[WhiteElo "2420"]
[BlackElo "2448"]

1.e4 c5 2.Nf3 Nc6 3.Nc3 d6 4.d4 cxd4 5.Nxd4 e5 6.Nf5 Nf6 7.Bg5 Bxf5 8.exf5 Be7
9.Bc4 Nd4 10.Bxf6 Bxf6 11.Qd3 Qc8 12.Nb5 Qc5 13.Nxd4 Qxd4 14.Qxd4 exd4 15.O-O-O O-O  1/2-1/2

[Event "Arab Clubs 2013"]
[Site "Monastir TUN"]
[Date "2013.11.05"]
[Round "2.3"]
[White "Barbaria,Yacine"]
[Black "Mohannad,F"]
[Result "0-1"]
[WhiteElo "2009"]
[BlackElo "2305"]

1.e4 c5 2.Nc3 Nc6 3.Bb5 g6 4.Bxc6 dxc6 5.d3 Bg7 6.f4 Nf6 7.Nf3 O-O 8.O-O b6
9.Qe1 Ne8 10.Qh4 Nc7 11.Ng5 h6 12.Nf3 e6 13.Qg3 Nb5 14.Ne2 Nd4 15.Nexd4 cxd4
16.h4 h5 17.Qh3 c5 18.g4 hxg4 19.Qxg4 Bb7 20.Qg3 c4 21.Bd2 Rc8 22.Rae1 cxd3
23.cxd3 Rc2 24.Re2 f5 25.Qxg6 Rf6 26.Qg5 fxe4 27.dxe4 Rf8 28.Qg4 Qf6 29.Ne5 d3
30.Ref2 Bxe4 31.Nd7 Qf5 32.Qxf5 Rxf5  0-1

[Event "Arab Clubs 2013"]
[Site "Monastir TUN"]
[Date "2013.11.05"]
[Round "3.2"]
[White "Ghattour,M"]
[Black "Amdouni,Z"]
[Result "1/2-1/2"]
[WhiteElo "2127"]
[BlackElo "2247"]

1.e4 c5 2.Nf3 Nc6 3.Nc3 e5 4.Bc4 Be7 5.d3 Nf6 6.Nd2 O-O 7.Nf1 Na5 8.Ne3 Nxc4
9.dxc4 d6 10.Qf3 Ne8 11.Ncd5 g6 12.g4 Bh4 13.Rg1 Ng7 14.Nf5 Bg5  1/2-1/2

[Event "3rd Panama Open"]
[Site "Panama City PAN"]
[Date "2013.11.05"]
[Round "9.4"]
[White "Alvarez Pedraza,A"]
[Black "Rakhmanov,Ale"]
[Result "0-1"]
[WhiteElo "2490"]
[BlackElo "2603"]

1.e4 c5 2.Nc3 Nc6 3.Bb5 g6 4.Bxc6 bxc6 5.d3 Bg7 6.f4 d6 7.Nf3 Rb8 8.O-O Nh6
9.Kh1 f5 10.exf5 gxf5 11.Qe1 O-O 12.b3 Ng4 13.h3 Nf6 14.Bb2 Nh5 15.Qh4 Qe8
16.Na4 Bxb2 17.Nxb2 Rb7 18.Rae1 Qg6 19.Rf2 Rf7 20.Nc4 Rg7 21.Kh2 Nf6 22.Ne3 Bd7
23.Nf1 Rb8 24.Rfe2 Re8 25.g3 h6 26.N3d2 Nd5 27.Nf3 Nf6 28.Rg2 Kf7 29.N1d2 Qh5
30.Rge2 Qxh4 31.Nxh4 Nd5 32.a3 Nc3 33.Re3 Kf6 34.Nhf3 Nd5 35.R3e2 Nc3 36.Re3 Nb5
37.a4 Nd4 38.Nxd4 cxd4 39.R3e2 c5 40.Kg2 Reg8 41.Nf1 Bc6+ 42.Kf2 Bd5 43.a5 e6
44.Rb1 e5 45.b4 c4 46.fxe5+ dxe5 47.g4 fxg4 48.Ng3 gxh3 49.Nh5+ Ke6 50.Nxg7+ Rxg7
51.dxc4 Rg2+ 52.Ke1 Rxe2+ 53.Kxe2 Be4 54.c5 h2  0-1

[Event "3rd Panama Open"]
[Site "Panama City PAN"]
[Date "2013.11.05"]
[Round "9.38"]
[White "Hernandez,Z"]
[Black "Gavarrete,Nahum"]
[Result "1-0"]
[WhiteElo "1958"]
[BlackElo "2120"]

1.e4 c5 2.Nf3 Nc6 3.Nc3 d6 4.Bb5 g6 5.Bxc6+ bxc6 6.d4 Qa5 7.Be3 Nf6 8.O-O cxd4
9.Bxd4 Bg7 10.e5 dxe5 11.Nxe5 Qc7 12.Re1 O-O 13.Bc5 Nd5 14.Nxd5 cxd5 15.Qxd5 Be6
16.Qd4 Rac8 17.b4 Rfd8 18.Qe3 Rd5 19.f4 g5 20.g3 Rcd8 21.a4 Rd2 22.Re2 gxf4
23.gxf4 Bxe5 24.Qxe5 Qxe5 25.Rxe5 Rxc2 26.Bxe7 Rd5 27.Kh1 h5 28.Rg1+ Kh7
29.Reg5 Rxg5 30.Rxg5 Bg4 31.h3 Bf3+ 32.Kg1 Ra2 33.a5 a6 34.Bf8 f6 35.Rg7+ Kh8
36.Rg3 Bc6 37.Bg7+ Kg8 38.Bxf6+ Kf7 39.Be5 Rc2 40.f5 Bd5 41.Rg7+ Ke8 42.f6 Bf7
43.Bd6 Ra2 44.Bc5 Re2 45.Rg3 Bc4 46.Rg5 Bf7 47.Be7 Rc2 48.Rg3 Bc4 49.Re3 Kd7
50.Re5 Bf7 51.Re1 Bc4 52.Re5 Bf7 53.Re1 Bc4 54.Rd1+ Ke8 55.Re1 Kf7 56.Re5 Kg6
57.h4 Be2 58.Rg5+ Kf7 59.Rg7+ Ke8 60.Bc5 Bc4 61.Re7+ Kd8 62.f7 Rc1+ 63.Kg2 Rf1
64.Re8+  1-0

[Event "Arab Clubs 2013"]
[Site "Monastir TUN"]
[Date "2013.11.06"]
[Round "4.3"]
[White "Khelfallah,B"]
[Black "Namir,M"]
[Result "0-1"]
[WhiteElo "2096"]
[BlackElo "2218"]

1.e4 c5 2.Nf3 Nc6 3.Nc3 d6 4.d4 cxd4 5.Nxd4 e5 6.Nb3 Be7 7.Be2 Nf6 8.O-O O-O
9.f4 exf4 10.Bxf4 Be6 11.Kh1 Rc8 12.Bf3 Ne5 13.Nd4 Qa5 14.Nb3 Qc7 15.Qe1 b5
16.Nd4 b4 17.Nce2 Qb6 18.b3 Rfd8 19.Rd1 Ng6 20.Be3 Qa6 21.Ng3 d5 22.Be2 Qb7
23.Nxe6 fxe6 24.exd5 exd5 25.Bd3 Re8 26.Qd2 Bd6 27.Nf5 Be5 28.Bd4 Rcd8 29.Qg5 Bxd4
30.Nxd4 Ne4 31.Qh5 Re5 32.Nf5 Qb6 33.Qg4 Nf2+ 34.Rxf2 Qxf2 35.Qxb4 Nf4 36.Rg1 Nxd3  0-1

[Event "Chinese Zonal w 2013"]
[Site "Zhongshan CHN"]
[Date "2013.11.06"]
[Round "9.11"]
[White "Qiu,Mengjie"]
[Black "Zhao,Shengxin"]
[Result "1-0"]
[WhiteElo "2123"]
[BlackElo "1805"]

1.e4 c5 2.Nf3 Nc6 3.Nc3 Nf6 4.d4 cxd4 5.Nxd4 e5 6.Ndb5 d6 7.Bg5 a6 8.Na3 b5
9.Nd5 Be7 10.Bxf6 Bxf6 11.c3 O-O 12.Nc2 Bg5 13.a4 bxa4 14.Rxa4 a5 15.Bc4 Rb8
16.b3 Kh8 17.O-O Be6 18.Nce3 g6 19.Qd3 Bh6 20.Rfa1 f5 21.f3 fxe4 22.Qxe4 Qd7
23.Rd1 Qa7 24.Kh1 Bd7 25.Ra2 Qc5 26.Re2 Nd8 27.Qh4 Bg7 28.b4 axb4 29.cxb4 Qa7
30.Qe7 Nf7 31.Nf6 Rb7 32.Nxd7 Rxd7 33.Qe6 Ng5 34.Qd5 Rf4 35.Qg8+  1-0

[Event "US Chess League KO 2013"]
[Site "chess.com INT"]
[Date "2013.11.07"]
[Round "1"]
[White "Gonzalez,Ren"]
[Black "Xiong,Jeffrey"]
[Result "1-0"]
[WhiteElo "2472"]
[BlackElo "2344"]

1.e4 c5 2.Nc3 Nc6 3.Bb5 Nd4 4.Ba4 a6 5.d3 g6 6.Nge2 Bg7 7.O-O b5 8.Bb3 Nxb3
9.axb3 Bb7 10.Be3 d6 11.Qd2 Nf6 12.Bh6 Bxh6 13.Qxh6 Qd7 14.f3 O-O-O 15.d4 cxd4
16.Nxd4 e5 17.Nde2 d5 18.exd5 Nxd5 19.Rad1 Qe6 20.Nxd5 Bxd5 21.Qe3 Bb7 22.Nc1 f6
23.Nd3 Qd5 24.Nf2 Qc6 25.Ne4 Rxd1 26.Rxd1 Rd8 27.Rxd8+ Kxd8 28.c3 Kc7 29.b4 f5
30.Nc5 Qd6 31.h4 Bc8 32.Nd3 f4 33.Qxe5 Qxe5 34.Nxe5 Bf5 35.Kf2 Kd6 36.Nf7+ Kd5
37.Ke2 Kc4 38.h5 Kb3 39.h6 Kxb2 40.Kd2 g5 41.Nxg5 Kb3 42.Ne4 Bg6 43.Nc5+ Kc4
44.Ne6  1-0

[Event "Chinese Zonal w 2013"]
[Site "Zhongshan CHN"]
[Date "2013.11.08"]
[Round "11.10"]
[White "Yao,Lan"]
[Black "Huang,Mofei"]
[Result "1/2-1/2"]
[WhiteElo "1966"]
[BlackElo "1984"]

1.e4 c5 2.Nf3 Nc6 3.Nc3 e5 4.d3 d6 5.Nd5 Nge7 6.Bg5 Qa5+ 7.Bd2 Qd8 8.Be2 Nxd5
9.exd5 Ne7 10.c4 b5 11.b4 cxb4 12.Bxb4 g6 13.Nd2 a5 14.Bc3 Bg7 15.a3 O-O
16.O-O Qc7 17.Rc1 bxc4 18.dxc4 Bh6 19.Bd3 Bd7 20.Rb1 Nxd5 21.cxd5 Qxc3 22.Ne4 Qc7
23.Nf6+ Kg7 24.Nxd7 Qxd7 25.Bb5 Qf5 26.Bc6 Rab8 27.Rb3 Qe4 28.Qb1 Qxb1 29.Rfxb1 Rxb3
30.Rxb3 Bc1 31.Kf1 f5 32.Ke2 e4 33.Rc3 Bb2 34.Rb3 Bd4 35.Rb5 a4 36.Rb7+ Kh6
37.Bxa4 Bc5 38.Rb3 Ra8 39.Bc6 Rxa3 40.Rxa3 Bxa3 41.f3 Bc5 42.fxe4 fxe4 43.Bd7 Bg1
44.h3 Kh5 45.g3 Bd4 46.Be6 Kg5 47.Bg8 h6 48.Be6 Kf6 49.Bg8 Ke5 50.Bf7 g5
51.Be6 h5 52.Bf7 Bb6 53.Bxh5 Kxd5 54.h4 Bd8 55.hxg5 Bxg5 56.Bf7+ Ke5 57.Ba2 d5
58.Bb3 Bh6 59.Ba2 Bf8 60.Bb3 Bd6 61.g4 Be7 62.Ba2 d4 63.Bb1 Bg5 64.Bc2 Kf4
65.Bb1 e3 66.Bf5 Bh4 67.Bd3  1/2-1/2

[Event "Arab Clubs 2013"]
[Site "Monastir TUN"]
[Date "2013.11.09"]
[Round "8.4"]
[White "Hassan,Say"]
[Black "Bengherabi,K"]
[Result "1-0"]
[WhiteElo "2341"]
[BlackElo "2115"]

1.e4 c5 2.Nc3 Nc6 3.Bb5 g6 4.Bxc6 dxc6 5.d3 Bg7 6.Be3 b6 7.Qd2 Nf6 8.Bh6 O-O
9.Bxg7 Kxg7 10.f4 e5 11.fxe5 Ng4 12.Nf3 Re8 13.Qf4  1-0

[Event "TCh-SVK Ext 2013-14"]
[Site "Trencin SVK"]
[Date "2013.11.09"]
[Round "1.7"]
[White "Kovacik,E"]
[Black "Najgebauer,S"]
[Result "0-1"]
[WhiteElo "2215"]
[BlackElo "2205"]

1.e4 c5 2.Nc3 Nc6 3.Nf3 Nf6 4.Bb5 Qc7 5.O-O Nd4 6.Re1 a6 7.Bf1 d6 8.d3 Bg4
9.h3 Nxf3+ 10.gxf3 Bd7 11.f4 e6 12.e5 dxe5 13.fxe5 Nd5 14.Nxd5 exd5 15.c3 Be7
16.d4 O-O 17.Qf3 Qc6 18.Bd3 Rac8 19.Qh5 g6 20.Qh6 Qe6 21.Kh2 f5 22.Rg1 Rc6
23.Bf4 Rb6 24.b3 cxd4 25.cxd4 Rc6 26.Rac1 Rfc8 27.Rcd1 Qf7 28.Bg5 Bf8 29.Qh4 Bg7
30.Qf4 Qf8 31.h4 h6 32.Bf6 Bxf6 33.exf6 Rxf6 34.Rge1 Kg7 35.Re5 Qd6 36.Qf3 Be6
37.Qe2 f4 38.Rg1 f3 39.Qe3 Bf5 40.Rg3 Bxd3 41.Qxd3 Rcf8 42.Qe3 R8f7 43.Re8 Rf4
44.Re6 Rxh4+ 45.Kg1 Qxg3+ 46.fxg3 f2+ 47.Qxf2 Rh1+ 48.Kxh1 Rxf2 49.Re7+ Kf6
50.Rxb7 Rxa2 51.Rd7 Ke6 52.Rg7 Kf5 53.Kg1 Rd2 54.Rf7+ Kg5 55.Ra7 Rxd4 56.Rd7 Rd2
57.b4 h5 58.Rd6 Kf5 59.Rxa6 g5 60.Kf1 Kg4 61.Ra3 Rb2 62.Rd3 Rxb4 63.Rxd5 Rb3
64.Kf2 Rf3+ 65.Kg2 Rxg3+ 66.Kh2 Rf3 67.Ra5 h4 68.Ra4+ Rf4 69.Ra2 Re4 70.Rg2+ Kf5
71.Rf2+ Rf4 72.Re2 g4 73.Ra2 Rd4 74.Kg2 Kf4 75.Rf2+ Ke3 76.Rf8 Rd2+ 77.Kg1 h3
78.Rf1 g3 79.Re1+ Kd3 80.Ra1 Ke2  0-1

[Event "TCh-SVK Ext 2013-14"]
[Site "Trencin SVK"]
[Date "2013.11.09"]
[Round "1.1"]
[White "Malinovsky,K"]
[Black "Krak,T"]
[Result "1/2-1/2"]
[WhiteElo "2445"]
[BlackElo "2301"]

1.e4 c5 2.Nf3 Nc6 3.Nc3 d6 4.d4 cxd4 5.Nxd4 Nf6 6.Bg5 Qa5 7.Bxf6 gxf6 8.Bb5 Bd7
9.Nf5 a6 10.Bxc6 bxc6 11.Qd3 Rb8 12.O-O Rg8 13.b4 Qc7 14.Rfd1 Rxb4 15.Qxa6 e6
16.Ne3 Rg5 17.Qd3 d5 18.h4 Rh5 19.a3 Rb8 20.g3 Be7 21.Qe2 Rh6 22.exd5 cxd5
23.Ncxd5 exd5 24.Nxd5 Qe5 25.Qd2 Rh5 26.Nf4 Be6 27.Re1 Qa5  1/2-1/2

[Event "Chennai WGM 2013"]
[Site "Chennai IND"]
[Date "2013.11.10"]
[Round "6.3"]
[White "Gevorgyan,M"]
[Black "Guramishvili,S"]
[Result "1/2-1/2"]
[WhiteElo "2147"]
[BlackElo "2441"]

1.e4 c5 2.Nc3 Nc6 3.Bb5 Na5 4.Nf3 a6 5.Be2 e6 6.d4 cxd4 7.Nxd4 b5 8.O-O Bb7
9.Bf3 d6 10.Re1 Be7 11.a4 b4 12.Na2 Qb6 13.b3 Nc6 14.Be3 Qa5 15.Nxc6 Bxc6
16.Qd4 Nf6 17.Nxb4 Bb7 18.c3 O-O 19.Rac1 Rfc8 20.Bd2 Rab8 21.Qe3 Qc7 22.g4 Nd7
23.Nd3 h6 24.Bg2 Ba8 25.b4 Nb6 26.Nb2 a5 27.Qg3 Qd8 28.Bf1 Nd7 29.Rcd1 Ne5
30.Bf4 Bf6 31.b5 Bh4 32.Qg2 Bf6 33.Qg3 Bh4 34.Qg2 Bf6 35.Qg3 Bh4 36.Qg2  1/2-1/2

[Event "Leuven Open 2013"]
[Site "Leuven BEL"]
[Date "2013.11.10"]
[Round "4.6"]
[White "Van Noten,Stijn"]
[Black "Goossens,R"]
[Result "0-1"]
[WhiteElo "1927"]
[BlackElo "2088"]

1.e4 c5 2.Nf3 Nc6 3.Nc3 d6 4.g3 g6 5.Bg2 Bg7 6.O-O Rb8 7.d3 b5 8.Ne2 Nf6
9.h3 O-O 10.Nh4 d5 11.exd5 Nxd5 12.c4 bxc4 13.dxc4 Ndb4 14.a3 Qxd1 15.Rxd1 Nc2
16.Rb1 N2d4 17.Nxd4 Nxd4 18.Be3 Rb3 19.Kh2 Be6 20.Nf3 Nxf3+ 21.Bxf3 Bf5 22.Ra1 Bxb2
23.Ra2 Bxa3 24.Rd5 Be6 25.Bd1 Rc3 26.Rxa3 Rxa3 27.Rxc5 Rc8 28.Rxc8+ Bxc8
29.Bc5 Ra1 30.Be2 Bb7 31.g4 a5 32.Bd3 Kf8 33.f4 a4 34.f5 Ke8 35.Kg3 a3 36.Kf4 a2
37.Bd4 Rd1  0-1

[Event "TCh-SVK Ext 2013-14"]
[Site "Trencin SVK"]
[Date "2013.11.10"]
[Round "2.6"]
[White "Kovacik,E"]
[Black "Hlinka,V"]
[Result "1-0"]
[WhiteElo "2215"]
[BlackElo "2099"]

1.e4 c5 2.Nc3 Nc6 3.Nf3 Nf6 4.Bb5 d6 5.Bxc6+ bxc6 6.O-O e5 7.d3 Bg4 8.Re1 Be7
9.b3 O-O 10.Bb2 Ne8 11.h3 Bh5 12.g4 Bg6 13.Nd2 Nc7 14.Qf3 Ne6 15.Ne2 h5 16.Nf1 hxg4
17.hxg4 Bg5 18.Nfg3 Bf4 19.Nf5 f6 20.Nxf4 Nxf4 21.Bc1 Ne6 22.Be3 Kf7 23.Kg2 Rh8
24.Rh1 Qd7 25.Nh4 Nd4 26.Bxd4 cxd4 27.Rh3 Rh6 28.Rah1 Rah8 29.g5 Rh5 30.Nxg6 Rxg5+
31.Rg3 Rxh1 32.Rxg5 Rh6 33.Nxe5+ dxe5 34.Rxe5 Qd6 35.Ra5 Qc7 36.Ra4 Rg6+
37.Kf1 c5 38.Qh5 Qe7 39.Ra5  1-0

[Event "Chennai WGM 2013"]
[Site "Chennai IND"]
[Date "2013.11.11"]
[Round "7.6"]
[White "Swathi,G"]
[Black "Harini,S"]
[Result "1-0"]
[WhiteElo "2242"]
[BlackElo "2023"]

1.e4 c5 2.Nc3 Nc6 3.Nge2 d6 4.d4 cxd4 5.Nxd4 Nf6 6.Bg5 e6 7.Qd2 Be7 8.O-O-O a6
9.f4 Qc7 10.Bxf6 gxf6 11.f5 Nxd4 12.Qxd4 Bd7 13.Be2 h5 14.Bf3 Qc5 15.Qd3 O-O-O
16.h4 Bc6 17.Rhe1 Bf8 18.Kb1 Kb8 19.Qe2 Qe5 20.Bxh5 exf5 21.Bxf7 Rxh4 22.Bd5 Bd7
23.Qf2  1-0

[Event "Leuven Open 2013"]
[Site "Leuven BEL"]
[Date "2013.11.11"]
[Round "1.8"]
[White "Ziabari,M"]
[Black "Tonoli,B"]
[Result "0-1"]
[WhiteElo "1886"]
[BlackElo "2191"]

1.e4 c5 2.Nc3 Nc6 3.Bb5 Nd4 4.Bc4 g6 5.Nce2 Bg7 6.c3 Nc6 7.f4 e6 8.Nf3 d5
9.Bb5 dxe4 10.Bxc6+ bxc6 11.Ne5 Ne7 12.Qa4 Qd5 13.Ng3 f5 14.Nc4 Bb7 15.O-O Nc8
16.Ne3 Qd6 17.Nc4 Qd7 18.Ne5 Qd5 19.d4 exd3 20.Rd1 Nb6 21.Qb3 c4 22.Qa3 Bf8
23.b4 c5 24.b5 Qxg2+  0-1

[Event "23rd World Seniors 2013"]
[Site "Opatija CRO"]
[Date "2013.11.12"]
[Round "1.6"]
[White "Rogulj,B"]
[Black "Meizlin,Yaacov"]
[Result "1-0"]
[WhiteElo "2420"]
[BlackElo "2102"]

1.e4 c5 2.Nc3 Nc6 3.Bb5 Nd4 4.Bc4 g6 5.Nf3 Bg7 6.Nxd4 cxd4 7.Qf3 e6 8.Nb5 d6
9.Qa3 Be5 10.c3 d3 11.Bxd3 Qb6 12.Nd4 Bxd4 13.Qa4+ Bd7 14.Qxd4 Qxd4 15.cxd4 Ne7
16.b3 d5 17.f3 f5 18.exf5 Nxf5 19.Kf2 Kf7 20.Bb2 Rac8 21.g4 Ne7 22.h4 Nc6
23.Bc3 Ne7 24.h5 g5 25.Ke3 h6 26.Bb4 e5 27.dxe5 d4+ 28.Kf2 Nd5 29.Bg6+ Kg7
30.Bd6 Be6 31.Rhc1 Nf4 32.Be7 Nd5 33.Bc5 b6 34.Bxd4 Rhf8 35.Be4 Nf4 36.Be3 Bxg4  1-0

[Event "4th Brno Open 2013"]
[Site "Brno CZE"]
[Date "2013.11.16"]
[Round "1.17"]
[White "Kaeding,Wolfgang1"]
[Black "Tesar,J"]
[Result "0-1"]
[WhiteElo "1659"]
[BlackElo "2072"]

1.e4 c5 2.Nc3 Nc6 3.Nf3 d6 4.d4 cxd4 5.Nxd4 Nf6 6.Be3 e5 7.Nxc6 bxc6 8.f3 Be7
9.Bc4 O-O 10.O-O Bb7 11.Bf2 d5 12.exd5 cxd5 13.Bb3 Qa5 14.a3 Rad8 15.Re1 Bd6
16.Ba2 Bc6 17.Bg3 Rfe8 18.Kh1 Bb8 19.Qd2 Nh5 20.Bf2 Qc7 21.Qg5 Nf4 22.Qg3 Re6
23.Rg1 Rg6 24.Qh4 Rh6 25.Qg3 d4 26.Ne4 Bxe4 27.fxe4 Qxc2 28.Bb3 Qxe4 29.Rge1 Qf5
30.Rad1 e4 31.Rxd4 Rf8 32.Rdxe4 Nd3 33.Qxb8 Nxf2+ 34.Kg1 Nxe4 35.Rf1 Qxf1+  0-1

[Event "4th Brno Open 2013"]
[Site "Brno CZE"]
[Date "2013.11.17"]
[Round "2.28"]
[White "Kosina,V"]
[Black "Klimina,Nina"]
[Result "1-0"]
[WhiteElo "1775"]
[BlackElo "1345"]

1.e4 c5 2.Nf3 Nc6 3.Nc3 d6 4.h3 g6 5.d4 cxd4 6.Nxd4 Bg7 7.Be3 e6 8.Qd2 a6
9.Be2 Nge7 10.O-O O-O 11.Rad1 f5 12.exf5 Nxd4 13.Bxd4 e5 14.Bc5 Bxf5 15.Bxd6 Re8
16.Bc4+ Kh8 17.g4 Bd7 18.Bf7 Rf8 19.Bxg6 Nxg6 20.Bxf8 Qxf8 21.Qxd7 Nh4 22.Rd3 Nf3+
23.Kg2 Nd4 24.f4 Qb4 25.fxe5 Bxe5 26.Rf7 Qxb2 27.Rxh7+ Kg8 28.Qf7+  1-0